00577nam a2200169 a 450000100100000000500170001000800410002704000250006808200150009310000340010824500580014226000680020030000270026849000400029550400300033583000420036500003025120200930060153.0110505s1994 dr a 000 0 spa d aDO-SdBNPbspacBNPHU axxxbM828c1 aMorales Payán, José Pablo10aCultivo de berenjena /cJosé Pablo Morales Payán. aSanto Domingo :bFundación de Desarrollo Agropecuario,c1994. a38 p. :bil. ;c28 cm.1 aBoletin técnicoacultivosvno. 21 aBibliografía : p. 33-38 0aBoletin técnico ;pcultivosvno. 21